[Event "Ljubljana-chT 69th 1st League"]
[Site "Ljubljana"]
[Date "2016.01.14"]
[Round "1.3"]
[White "Borstnik, Ales"]
[Black "Juric, Marko"]
[Result "1/2-1/2"]
[WhiteElo "1770"]
[BlackElo "1847"]
[PlyCount "75"]
[EventDate "2016.01.14"]
[EventType "team-tourn"]
[EventRounds "9"]
[EventCountry "SLO"]
[SourceTitle "EXT 2022"]
[Source "ChessBase"]
[SourceDate "2021.10.06"]
[SourceVersion "1"]
[SourceVersionDate "2021.10.06"]
[SourceQuality "1"]
[WhiteTeam "Podpec SD"]
[BlackTeam "Zagorje ob Savi"]
[WhiteTeamCountry "SLO"]
[BlackTeamCountry "SLO"]

1. e4 e6 2. d4 c5 3. c3 d6 4. dxc5 dxc5 5. Qxd8+ Kxd8 6. Bf4 f6 7. Nd2 e5 8. Be3 Be6 9. Bc4 Bxc4 10. Nxc4 Nc6 11. f4 Kc7 12. Nf3 b5 13. Ncd2 Bd6 14. fxe5 Nxe5 15. Nxe5 fxe5 16. 0-0 Nf6 17. h3 Rhf8 18. a4 a6 19. Bg5 Rab8 20. b3 Nd7 21. Rxf8 Nxf8 22. axb5 axb5 23. Rf1 Ne6 24. Rf7+ Kc6 25. Be3 Rf8 26. Ra7 Nc7 27. Nf3 Ra8 28. Rxa8 Nxa8 29. Ng5 h5 30. Ne6 g6 31. Kf2 Nc7 32. Nxc7 Bxc7 33. Kg3 Kd6 34. Kh4 Ke6 35. Kg5 Kf7 36. Kh6 c4 37. bxc4 bxc4 38. Kh7 1/2-1/2

[Event "SLO-chT2 East"]
[Site "Slovenia"]
[Date "2013.11.16"]
[Round "6"]
[White "Juric, Marko"]
[Black "Marinovic, Ivo"]
[Result "1-0"]
[WhiteElo "1841"]
[BlackElo "1746"]
[PlyCount "85"]
[EventDate "2013.09.07"]
[EventType "team-tourn"]
[EventRounds "9"]
[EventCountry "SLO"]
[SourceTitle "EXT 2015"]
[Source "ChessBase"]
[SourceDate "2014.11.20"]
[SourceVersion "1"]
[SourceVersionDate "2014.11.20"]
[SourceQuality "1"]

1. e4 e5 2. Bc4 Bc5 3. Nf3 Nc6 4. 0-0 d6 5. a4 Be6 6. Bd5 Nf6 7. c3 a5 8. Qb3 Qc8 9. Bxe6 fxe6 10. Ng5 Ke7 11. d3 h6 12. Nf3 Qb8 13. Nbd2 Qa7 14. Qc4 Ng4 15. d4 exd4 16. cxd4 Nxd4 17. Nxd4 Bxd4 18. Qxc7+ Kf6 19. Qxd6 Bxf2+ 20. Kh1 Ne5 21. Nf3 Ng6 22. b3 Qc5 23. Bb2+ Kf7 24. Qd7+ Ne7 25. Nd4 Rhd8 26. Rxf2+ Kg8 27. Qxe6+ Kh8 28. Rc2 Qd6 29. Qg4 Rd7 30. e5 Qd5 31. Rf1 Nc6 32. Nxc6 bxc6 33. e6 Re7 34. Rf7 Rxf7 35. exf7 Qxf7 36. Rf2 Qe7 37. h3 Rg8 38. Qc4 Kh7 39. Kh2 Qd6+ 40. g3 Rb8 41. Qf7 Rg8 42. Qf5+ Kh8 43. Qxa5 1-0

[Event "SLO-chT2 East"]
[Site "Slovenia"]
[Date "2013.09.09"]
[Round "1"]
[White "Kolar, Drago"]
[Black "Juric, Marko"]
[Result "1-0"]
[WhiteElo "1880"]
[BlackElo "1841"]
[PlyCount "86"]
[EventDate "2013.09.07"]
[EventType "team-tourn"]
[EventRounds "9"]
[EventCountry "SLO"]
[SourceTitle "EXT 2015"]
[Source "ChessBase"]
[SourceDate "2014.11.20"]
[SourceVersion "1"]
[SourceVersionDate "2014.11.20"]
[SourceQuality "1"]

1. d4 Nf6 2. Nf3 d5 3. Bf4 g6 4. e3 Bg7 5. c4 c6 6. Nc3 0-0 7. Be2 Nbd7 8. 0-0 b6 9. cxd5 Nxd5 10. Nxd5 cxd5 11. Rc1 Nf6 12. h3 Bd7 13. Bc7 Qe8 14. Ba6 Bb5 15. Bb7 Bxf1 16. Qxf1 Qa4 17. Bxa8 Rxa8 18. Be5 a6 19. a3 Qb3 20. Qe2 Bf8 21. Bxf6 exf6 22. Qc2 Qxc2 23. Rxc2 Rd8 24. Rc6 Rd6 25. Rc8 a5 26. Kf1 Kg7 27. Ke2 Be7 28. Ne1 f5 29. Nd3 f6 30. Rc7 Kf8 31. Kd2 Ke8 32. Nf4 Kd8 33. Rb7 g5 34. Ne2 h5 35. Ng3 f4 36. Nf5 Rd7 37. Rxb6 fxe3+ 38. fxe3 h4 39. Rb5 Ke8 40. Rxa5 Bd8 41. Ra6 Kf7 42. b4 Kg6 43. Nd6 Be7 1-0

[Event "Ljubljana-chT 66th Superliga"]
[Site "Ljubljana"]
[Date "2013.01.24"]
[Round "3.3"]
[White "Borstnik, Ales"]
[Black "Juric, Marko"]
[Result "1/2-1/2"]
[WhiteElo "1705"]
[BlackElo "1844"]
[PlyCount "225"]
[EventDate "2013.01.10"]
[EventType "team-tourn"]
[EventRounds "9"]
[EventCountry "SLO"]
[SourceTitle "EXT 2022"]
[Source "ChessBase"]
[SourceDate "2021.10.06"]
[SourceVersion "1"]
[SourceVersionDate "2021.10.06"]
[SourceQuality "1"]
[WhiteTeam "Podpec"]
[BlackTeam "Zagorje ob Savi"]
[WhiteTeamCountry "SLO"]
[BlackTeamCountry "SLO"]

1. e4 e5 2. Nf3 d6 3. d4 exd4 4. Nxd4 Nf6 5. Nc3 Be7 6. Bc4 0-0 7. Be3 c6 8. a3 Re8 9. Qd2 Nbd7 10. Nf5 Ne5 11. Nxe7+ Qxe7 12. Bd3 Nxd3+ 13. cxd3 d5 14. exd5 cxd5 15. 0-0 Bd7 16. Rfe1 Qd6 17. Bf4 Qb6 18. d4 Bc6 19. Re5 Qb3 20. Rae1 Rxe5 21. Bxe5 Nd7 22. Bg3 Nb6 23. Qg5 h6 24. Qc1 Nc4 25. Re2 Qb6 26. Be5 Re8 27. h3 Re6 28. b4 Nxe5 29. dxe5 d4 30. Nb1 Bb5 31. Re1 d3 32. Qc8+ Re8 33. Qf5 Re6 34. Nd2 Qd4 35. Qe4 Qc3 36. Nb1 Qb2 37. Qe3 f6 38. Qc5 Bc6 39. Nc3 Qd2 40. Rd1 Qc2 41. Qc4 Bd7 42. exf6 gxf6 43. Qxd3 Qxd3 44. Rxd3 Bc6 45. b5 Be4 46. Nxe4 Rxe4 47. Rd8+ Kf7 48. Rd7+ Re7 49. Rd6 Rc7 50. b6 axb6 51. Rxb6 Kg6 52. g3 Rc3 53. a4 Rc4 54. a5 Rc5 55. Rxb7 Rxa5 56. Kg2 Ra2 57. Rb5 Rc2 58. g4 Rc3 59. Rf5 Rb3 60. f3 Rb2+ 61. Kg3 Rb1 62. h4 Rb4 63. Ra5 Kg7 64. Ra7+ Kg8 65. Re7 Rc4 66. Re4 Rc5 67. Kf4 Kf7 68. Ra4 Rb5 69. Ra7+ Kg8 70. Rd7 Ra5 71. Ke4 Re5+ 72. Kd4 Re1 73. Rd5 Kg7 74. Kd3 Rh1 75. h5 Re1 76. Rd4 Re5 77. Re4 Ra5 78. Ke3 Kf7 79. Kf4 Rb5 80. Ra4 Rc5 81. Ra7+ Kg8 82. Re7 Ra5 83. Rd7 Rb5 84. Rd4 Kg7 85. Ke4 Re5+ 86. Kf4 Ra5 87. Kg3 Rb5 88. Rf4 Ra5 89. Rf5 Ra4 90. Rb5 Kg8 91. f4 Rc4 92. Kf3 Ra4 93. Rb7 Rc4 94. Rd7 Ra4 95. Ke3 Rb4 96. Rd4 Rb6 97. Ke4 Kf7 98. Rd5 Ke6 99. Rd4 Rb5 100. Ra4 Kf7 101. Ra7+ Kg8 102. Rd7 Ra5 103. Rd5 Ra7 104. Kf5 Kg7 105. Ke6 Ra6+ 106. Rd6 Rxd6+ 107. Kxd6 f5 108. gxf5 Kf6 109. Kd7 Kxf5 110. Ke7 Kxf4 111. Kf6 Ke4 112. Kg6 Ke5 113. Kxh6 1/2-1/2

[Event "SLO-chT2 East"]
[Site "Brezice Maribor"]
[Date "2012.11.03"]
[Round "8"]
[White "Juric, Marko"]
[Black "Kolar, Drago"]
[Result "1/2-1/2"]
[WhiteElo "1830"]
[BlackElo "1871"]
[PlyCount "90"]
[EventDate "2012.09.08"]
[EventType "team-tourn"]
[EventRounds "9"]
[EventCountry "SLO"]
[SourceTitle "EXT 2022"]
[Source "ChessBase"]
[SourceDate "2021.10.06"]
[SourceVersion "1"]
[SourceVersionDate "2021.10.06"]
[SourceQuality "1"]

1. e4 c6 2. d4 d5 3. exd5 cxd5 4. Nf3 Nc6 5. Be2 Bg4 6. c3 e6 7. 0-0 Nf6 8. h3 Bh5 9. Re1 Bd6 10. Nbd2 0-0 11. Nf1 Ne4 12. Bd3 f5 13. Qc2 Rc8 14. N1h2 Qc7 15. a3 Bxh2+ 16. Nxh2 Nxd4 17. Qa4 Nc6 18. Nf1 a6 19. Be2 Bf7 20. f3 Nc5 21. Qh4 Nb3 22. Rb1 Nxc1 23. Rbxc1 Qb6+ 24. Kh2 Qxb2 25. Rb1 Qxa3 26. Rxb7 Qxc3 27. Bxa6 Ra8 28. Be2 Ra2 29. Rbb1 Qe5+ 30. f4 Qf6 31. Qg3 Nd4 32. Bd1 Rfa8 33. Qc3 Be8 34. Re5 Nb5 35. Qe1 Bd7 36. Be2 Nd4 37. Bd1 Nc6 38. Re2 Rxe2 39. Qxe2 Rb8 40. Rxb8+ Nxb8 41. Qd2 Qa1 42. Ne3 Nc6 43. Nxd5 Qd4 44. Qxd4 Nxd4 45. Ne3 Kf7 1/2-1/2

[Event "SLO-chT Central 1st League 12th"]
[Site "Slovenia"]
[Date "2011.09.29"]
[Round "3.4"]
[White "Mihelic, Mitja"]
[Black "Juric, Marko"]
[Result "0-1"]
[WhiteElo "1706"]
[BlackElo "1792"]
[PlyCount "110"]
[EventDate "2011.09.08"]
[EventType "team-tourn"]
[EventRounds "9"]
[EventCountry "SLO"]
[SourceTitle "EXT 2022"]
[Source "ChessBase"]
[SourceDate "2021.10.06"]
[SourceVersion "1"]
[SourceVersionDate "2021.10.06"]
[SourceQuality "1"]
[WhiteTeam "Trzin Buscotrade"]
[BlackTeam "Kamnik DU"]
[WhiteTeamCountry "SLO"]
[BlackTeamCountry "SLO"]

1. d4 g6 2. Nf3 Nf6 3. Nbd2 d5 4. e3 Bg7 5. Bd3 Nc6 6. c3 0-0 7. 0-0 Re8 8. h3 e5 9. dxe5 Nxe5 10. Nxe5 Rxe5 11. Be2 c6 12. b3 Ne4 13. Bb2 Re8 14. Nxe4 Rxe4 15. Bf3 Rh4 16. Re1 Qg5 17. Kf1 Be6 18. Qc1 Qf6 19. Qd1 Qg5 20. Qc1 Qf6 21. Qd1 Bf5 22. Rc1 Qg5 23. Bg4 Bxg4 24. hxg4 Rxg4 25. g3 h5 26. Kg2 h4 27. Qf3 hxg3 28. Rg1 Be5 29. Kf1 Re8 30. Rc2 Bg7 31. Bc1 Ree4 32. Rxg3 Rxg3 33. Qxg3 Qxg3 34. fxg3 Rg4 35. c4 dxc4 36. bxc4 b6 37. Kf2 Be5 38. Kf3 Rxg3+ 39. Ke4 f6 40. Bb2 Bxb2 41. Rxb2 Rg4+ 42. Kd3 Rg5 43. Rd2 Kf7 44. Kc3 Ke7 45. Rh2 Rh5 46. Rg2 g5 47. a4 f5 48. a5 g4 49. axb6 axb6 50. e4 Kf6 51. Kd4 c5+ 52. Kd5 f4+ 53. Kc6 Kg5 54. e5 f3 55. Rf2 Kf4 0-1

[Event "SLO-chT Central 1st League 11th"]
[Site "Slovenia"]
[Date "2010.11.04"]
[Round "7.3"]
[White "Rojs, Igor"]
[Black "Juric, Marko"]
[Result "1-0"]
[WhiteElo "1898"]
[BlackElo "1787"]
[PlyCount "85"]
[EventDate "2010.09.09"]
[EventType "team-tourn"]
[EventRounds "9"]
[EventCountry "SLO"]
[SourceTitle "EXT 2022"]
[Source "ChessBase"]
[SourceDate "2021.10.06"]
[SourceVersion "1"]
[SourceVersionDate "2021.10.06"]
[SourceQuality "1"]
[WhiteTeam "Trzin Pekos Pub"]
[BlackTeam "Kamnik DU"]
[WhiteTeamCountry "SLO"]
[BlackTeamCountry "SLO"]

1. d4 Nf6 2. c4 g6 3. Nc3 Bg7 4. e4 d6 5. Bd3 e5 6. d5 0-0 7. Bg5 c6 8. Nge2 Nbd7 9. Qd2 Qc7 10. 0-0 a6 11. Rac1 c5 12. Ng3 Rb8 13. a4 Nb6 14. f4 h6 15. fxe5 hxg5 16. exf6 Bh8 17. Qxg5 Nd7 18. Rf4 Re8 19. Rcf1 Qd8 20. Nh5 Re5 21. Rf5 Nxf6 22. Rxe5 dxe5 23. Nxf6+ Qxf6 24. Qxf6 Bxf6 25. Rxf6 Kg7 26. Rd6 Kf8 27. Rd8+ Ke7 28. Rh8 b6 29. g4 g5 30. Ne2 Kd6 31. Ng3 Kc7 32. Nf5 Bd7 33. Rxb8 Kxb8 34. h3 Kc7 35. Kg2 Bxa4 36. Kg3 Kd8 37. h4 f6 38. Nd6 Bd7 39. hxg5 Ke7 40. g6 Kf8 41. Kh4 Kg7 42. Kh5 a5 43. Nf5+ 1-0

[Event "SLO-chT Central 1st League 11th"]
[Site "Slovenia"]
[Date "2010.10.14"]
[Round "5.3"]
[White "Cijan, Alojz"]
[Black "Juric, Marko"]
[Result "0-1"]
[WhiteElo "1694"]
[BlackElo "1787"]
[PlyCount "92"]
[EventDate "2010.09.09"]
[EventType "team-tourn"]
[EventRounds "9"]
[EventCountry "SLO"]
[SourceTitle "EXT 2022"]
[Source "ChessBase"]
[SourceDate "2021.10.06"]
[SourceVersion "1"]
[SourceVersionDate "2021.10.06"]
[SourceQuality "1"]
[WhiteTeam "Crni Graben"]
[BlackTeam "Trzin Buscotrade"]
[WhiteTeamCountry "SLO"]
[BlackTeamCountry "SLO"]

1. c4 g6 2. e3 Bg7 3. Nc3 c6 4. d4 d5 5. Qb3 Nf6 6. c5 0-0 7. Nge2 Nbd7 8. f4 b6 9. cxb6 axb6 10. Ng3 Bb7 11. Be2 Rb8 12. 0-0 c5 13. Qd1 e6 14. Nb5 Qe7 15. a4 Bc6 16. Rb1 Rfc8 17. Na7 Rc7 18. Nxc6 Rxc6 19. Bb5 Rc7 20. b3 Ra8 21. Ba3 Qd8 22. Qe2 h5 23. Rfc1 Bf8 24. Bb2 Ne8 25. Rc2 Nd6 26. Rbc1 Nxb5 27. axb5 Bg7 28. b4 c4 29. Ra1 Rca7 30. Rxa7 Rxa7 31. Bc3 Qa8 32. Nf1 Nf6 33. Nd2 Ra2 34. Nb1 Ra4 35. Nd2 Bf8 36. Rb2 Ra1+ 37. Nb1 Qa4 38. h3 Ne4 39. Kh2 Rxb1 40. Ra2 Qb3 41. Ba1 Qxb4 42. g4 Re1 43. Qg2 hxg4 44. hxg4 Rxe3 45. Qg1 Qb3 46. Qg2 Rg3 0-1

[Event "SLO-chT2 Ost"]
[Site "Slovenia"]
[Date "2010.09.25"]
[Round "5"]
[White "Juric, Marko"]
[Black "Zajsek, Franc"]
[Result "1/2-1/2"]
[WhiteElo "1787"]
[BlackElo "1848"]
[PlyCount "52"]
[EventDate "2010.05.29"]
[EventType "team-tourn"]
[EventRounds "9"]
[EventCountry "SLO"]
[SourceTitle "EXT 2022"]
[Source "ChessBase"]
[SourceDate "2021.10.06"]
[SourceVersion "1"]
[SourceVersionDate "2021.10.06"]
[SourceQuality "1"]

1. e4 c6 2. d4 d5 3. exd5 cxd5 4. Nf3 Nc6 5. Be2 Nf6 6. 0-0 Bg4 7. h3 Bh5 8. Re1 e6 9. c3 Be7 10. Nbd2 0-0 11. Nf1 Ne4 12. Ng3 Bg6 13. Nxe4 Bxe4 14. Bf4 Bd6 15. Bxd6 Qxd6 16. Nd2 Bg6 17. Nf1 Rfc8 18. Rc1 Rc7 19. Qd2 Na5 20. b3 Qa3 21. Ne3 Rac8 22. c4 b6 23. Bf1 h6 24. Be2 Kf8 25. Kh1 Be4 26. Kg1 Bg6 1/2-1/2

[Event "Ljubljana-chT 63rd 1st League"]
[Site "Ljubljana"]
[Date "2010.01.14"]
[Round "2.2"]
[White "Juric, Marko"]
[Black "Borisek, Anze"]
[Result "0-1"]
[WhiteElo "1785"]
[BlackElo "2016"]
[PlyCount "108"]
[EventDate "2010.01.07"]
[EventType "team-tourn"]
[EventRounds "9"]
[EventCountry "SLO"]
[SourceTitle "EXT 2022"]
[Source "ChessBase"]
[SourceDate "2021.10.06"]
[SourceVersion "1"]
[SourceVersionDate "2021.10.06"]
[SourceQuality "1"]

1. e4 e5 2. Nf3 Nf6 3. Nc3 Nc6 4. Bb5 Nd4 5. Bc4 Nxf3+ 6. Qxf3 Be7 7. 0-0 0-0 8. h3 c6 9. a3 d6 10. Re1 Be6 11. Bf1 Ne8 12. g4 g6 13. Qg2 Kh8 14. Kh1 f5 15. d3 fxg4 16. hxg4 Bg5 17. Be3 Bxe3 18. Rxe3 Qh4+ 19. Kg1 Bxg4 20. Rg3 Be6 21. Be2 Ng7 22. Rf1 Nh5 23. Bxh5 Qxh5 24. f3 Rf4 25. Ne2 Rh4 26. Rg5 Rh1+ 27. Qxh1 Qxg5+ 28. Kf2 Rf8 29. Rg1 Qd8 30. Rxg6 Qb6+ 31. Kf1 Bg8 32. Qh6 Rxf3+ 33. Ke1 Rf7 34. Rf6 Rg7 35. b4 Qa6 36. Qc1 c5 37. c4 cxb4 38. axb4 Qa4 39. Qb2 Qd7 40. Rf5 Qe7 41. c5 dxc5 42. Rxe5 Qh4+ 43. Kd1 cxb4 44. Rb5 b6 45. Rxb4 h5 46. e5 Qh1+ 47. Kd2 Be6 48. Qd4 Qd5 49. Qf4 Kh7 50. Rd4 Qa5+ 51. Ke3 Rg6 52. Qe4 Kg7 53. Nf4 Qe1+ 54. Ne2 Rg3+ 0-1

[Event "SLO-ch qual"]
[Site "Sentjur"]
[Date "2008.07.12"]
[Round "7"]
[White "Juric, Marko"]
[Black "Vombek, Sara"]
[Result "0-1"]
[WhiteElo "1806"]
[BlackElo "1888"]
[PlyCount "110"]
[EventDate "2008.07.03"]
[EventType "swiss"]
[EventRounds "9"]
[EventCountry "SLO"]
[SourceTitle "EXT 2010"]
[Source "ChessBase"]
[SourceDate "2010.11.25"]
[SourceVersion "1"]
[SourceVersionDate "2010.11.25"]
[SourceQuality "1"]

1. e4 c5 2. Nf3 d6 3. d4 cxd4 4. Nxd4 Nf6 5. Nc3 a6 6. a4 e5 7. Nb3 Be6 8. Be2 Be7 9. 0-0 0-0 10. Be3 Nc6 11. f4 d5 12. exd5 Nxd5 13. Nxd5 Bxd5 14. c4 Be4 15. Nd2 exf4 16. Rxf4 Bg6 17. Nf3 Bd6 18. Rh4 Qe7 19. Bf2 Rad8 20. Qf1 Rfe8 21. c5 Bxc5 22. Bc4 Ne5 23. Rf4 Bd6 24. Re1 Qc7 25. b3 Nd3 26. Rxe8+ Rxe8 27. Rd4 Nxf2 28. Qxf2 Bc5 29. Kf1 Bxd4 30. Qxd4 Rd8 31. Qe3 Qd6 32. Kf2 Bh5 33. Be2 Bxf3 34. Qxf3 Qc5+ 35. Kf1 b5 36. axb5 axb5 37. Qb7 Qf5+ 38. Kg1 Qb1+ 39. Kf2 Qxb3 40. Qxb5 Qxb5 41. Bxb5 Rd4 42. g3 Kf8 43. Be2 Ke7 44. h3 Kd6 45. Ke3 Ke5 46. Bf3 f5 47. g4 f4+ 48. Ke2 g5 49. Bg2 Rb4 50. Bf3 Kd4 51. Bc6 Rb2+ 52. Kf1 Ke3 53. Kg1 f3 54. Bd5 Rb1+ 55. Kh2 f2 0-1

[Event "SLO-ch qual"]
[Site "Sentjur"]
[Date "2008.07.05"]
[Round "5"]
[White "Kolar, Drago"]
[Black "Juric, Marko"]
[Result "1-0"]
[WhiteElo "1902"]
[BlackElo "1806"]
[PlyCount "97"]
[EventDate "2008.07.03"]
[EventType "swiss"]
[EventRounds "9"]
[EventCountry "SLO"]
[SourceTitle "EXT 2010"]
[Source "ChessBase"]
[SourceDate "2010.11.25"]
[SourceVersion "1"]
[SourceVersionDate "2010.11.25"]
[SourceQuality "1"]

1. d4 Nf6 2. c4 c5 3. e3 g6 4. Nc3 cxd4 5. exd4 Bg7 6. Nf3 0-0 7. Bf4 d6 8. Qd2 Nc6 9. d5 Nb4 10. a3 Na6 11. Bd3 Nc5 12. Bc2 a6 13. 0-0 Bg4 14. Nd4 Bc8 15. Rfe1 Re8 16. b4 Ncd7 17. Ba4 Ng4 18. h3 Nge5 19. Bxe5 Bxe5 20. Rad1 Rf8 21. f4 Bg7 22. Ne4 Nb6 23. Bb3 Nd7 24. Kh1 Nb6 25. Qf2 e5 26. dxe6 fxe6 27. Ng5 Qxg5 28. Ne2 Qd8 29. Qf3 d5 30. c5 Nd7 31. Nd4 Bxd4 32. Rxd4 Nf6 33. g4 Qc7 34. f5 exf5 35. Bxd5+ Kg7 36. g5 Nh5 37. Qc3 Kh8 38. Rde4+ Qg7 39. Re5 f4 40. Qd2 Ng3+ 41. Kg2 Qd7 42. Re6 Qg7 43. Re7 Nh5 44. Rxg7 Nxg7 45. Qd4 Bxh3+ 46. Kxh3 Rae8 47. Rxe8 Rxe8 48. Kg4 Rf8 49. Bxb7 1-0

[Event "SLO-chT1 East"]
[Site "Celje"]
[Date "2007.11.21"]
[Round "8"]
[White "Vombek, Sara"]
[Black "Juric, Marko"]
[Result "0-1"]
[WhiteElo "1859"]
[BlackElo "1816"]
[PlyCount "110"]
[EventDate "2007.11.11"]
[EventType "team-tourn"]
[EventRounds "9"]
[EventCountry "SLO"]
[SourceTitle "EXT 2010"]
[Source "ChessBase"]
[SourceDate "2010.11.25"]
[SourceVersion "1"]
[SourceVersionDate "2010.11.25"]
[SourceQuality "1"]

1. e4 c5 2. Nf3 Nc6 3. d4 cxd4 4. Nxd4 e6 5. c4 Qb6 6. Nb5 Bc5 7. Nd6+ Ke7 8. Nxc8+ Rxc8 9. Qd2 Nf6 10. a3 Nxe4 11. Qc2 Bxf2+ 12. Kd1 f5 13. Nd2 Qd4 14. Bd3 Nc5 15. Be2 Be3 16. Ke1 Bg1 17. Nf3 Qf2+ 18. Kd1 Nd4 19. Bg5+ Kf8 20. Nxd4 Qxd4+ 21. Qd2 Ne4 22. Qxd4 Bxd4 23. Bh4 Bxb2 24. Rb1 Nc3+ 25. Kd2 Nxb1+ 26. Rxb1 Bxa3 27. Rxb7 Be7 28. Bg3 a5 29. Be5 Rg8 30. Kc2 Ke8 31. Ra7 Bb4 32. Kb3 Ke7 33. Bf3 Bd6 34. Bxd6+ Kxd6 35. Rxa5 Rc5 36. Ra7 Rb8+ 37. Kc3 e5 38. Ra6+ Ke7 39. Bd5 Rbc8 40. Kd3 R8c7 41. Ra8 Rc8 42. Ra6 Rb8 43. Ra2 Rb6 44. Ra8 Rd6 45. Ra2 Rcxd5+ 46. cxd5 Rxd5+ 47. Ke3 Kf6 48. Ra6+ d6 49. Ra2 g5 50. Ra8 g4 51. Ra2 f4+ 52. Kf2 h5 53. Rb2 h4 54. Ra2 Kf5 55. Rb2 Rd3 0-1

[Event "SLO-chT1 East"]
[Site "Celje"]
[Date "2007.11.16"]
[Round "6"]
[White "Pirs, Matjaz"]
[Black "Juric, Marko"]
[Result "1-0"]
[WhiteElo "1868"]
[BlackElo "1816"]
[PlyCount "61"]
[EventDate "2007.11.11"]
[EventType "team-tourn"]
[EventRounds "9"]
[EventCountry "SLO"]
[SourceTitle "EXT 2010"]
[Source "ChessBase"]
[SourceDate "2010.11.25"]
[SourceVersion "1"]
[SourceVersionDate "2010.11.25"]
[SourceQuality "1"]

1. e4 c5 2. Nf3 Nc6 3. d4 cxd4 4. Nxd4 d6 5. Nc3 a6 6. Be3 e6 7. Be2 Be7 8. 0-0 Nf6 9. Kh1 Bd7 10. f4 Qc7 11. Qe1 0-0-0 12. Bf3 Rdg8 13. Rd1 h6 14. e5 dxe5 15. Nxc6 Bxc6 16. Bxc6 Qxc6 17. fxe5 Ng4 18. Rxf7 Qe8 19. Rf4 Qh5 20. Rc4+ Kb8 21. Bg1 Rd8 22. Rxd8+ Rxd8 23. Qe2 Qf5 24. Rxg4 Bg5 25. Rd4 Rc8 26. Rd1 Bf4 27. Qf2 Qxe5 28. Rd7 Rc7 29. Rd8+ Rc8 30. Qa7+ Kc7 31. Bb6+ 1-0

[Event "SLO-ch qual"]
[Site "Ljubljana"]
[Date "2007.07.05"]
[Round "1"]
[White "Juric, Marko"]
[Black "Jeran, Bostjan"]
[Result "0-1"]
[WhiteElo "1816"]
[BlackElo "2153"]
[PlyCount "88"]
[EventDate "2007.07.05"]
[EventType "swiss"]
[EventRounds "9"]
[EventCountry "SLO"]
[SourceTitle "EXT 2010"]
[Source "ChessBase"]
[SourceDate "2010.11.25"]
[SourceVersion "1"]
[SourceVersionDate "2010.11.25"]
[SourceQuality "1"]

1. e4 d6 2. d4 Nf6 3. Nc3 g6 4. Nf3 Bg7 5. Bd3 0-0 6. 0-0 a6 7. a4 Nc6 8. h3 Nb4 9. Bc4 d5 10. exd5 Nbxd5 11. Nxd5 Nxd5 12. c3 h6 13. Re1 e6 14. Bd2 b6 15. Qc1 Kh7 16. Ne5 Bb7 17. f4 Qd6 18. Rb1 Rad8 19. b4 Nf6 20. Qc2 Nd7 21. Nxg6 Rfe8 22. Ne5+ Kg8 23. Be3 Nf6 24. Bd3 Nd5 25. Bd2 f5 26. b5 axb5 27. axb5 Nf6 28. Be3 Ne4 29. Kh2 Bxe5 30. fxe5 Qf8 31. Bf4 Ra8 32. Qc1 Kh7 33. Bc4 Qg8 34. Rg1 Qg6 35. g4 Rg8 36. Qe3 Rgf8 37. Bd3 Ra2+ 38. Be2 Nxc3 39. Rbc1 Nd5 40. Qf3 fxg4 41. Rxg4 Qf5 42. Kg3 Nxf4 43. Rxf4 Qg5+ 44. Qg4 Rxf4 0-1

[Event "SLO-chT2 East"]
[Site "Velenje"]
[Date "2005.10.13"]
[Round "5"]
[White "Juric, Marko"]
[Black "Milovanovic, Srecko"]
[Result "1/2-1/2"]
[WhiteElo "1746"]
[BlackElo "1873"]
[PlyCount "36"]
[EventDate "2005.05.27"]
[EventType "team"]
[EventRounds "9"]
[EventCountry "SLO"]
[SourceTitle "EXT 2009"]
[Source "ChessBase"]
[SourceDate "2008.11.26"]
[SourceVersion "1"]
[SourceVersionDate "2008.11.26"]
[SourceQuality "1"]

1. e4 e5 2. Nf3 Nc6 3. Bb5 d6 4. d4 exd4 5. Nxd4 Bd7 6. 0-0 Nxd4 7. Bxd7+ Qxd7 8. Qxd4 Nf6 9. Bg5 Be7 10. h3 0-0 11. Nc3 a6 12. Rad1 Qc6 13. Nd5 Nxd5 14. exd5 Qd7 15. Bxe7 Qxe7 16. Rfe1 Qd7 17. b3 Rfe8 18. a4 b6 1/2-1/2